02263cam a22003975a 4500001001000000003000400010005001700014008004100031020001800072040005000090082002600140100002900166245006200195246003400257250001200291260006000303300003500363500002400398500002300422504004100445650005900486651001000545653005300555655002100608942000800629999001700637952014700654952013300801952013300934952013301067952013301200952013301333952013301466952013301599952013301732016682944OSt20161024144637.0140310r20152014stka frb 001 0 eng d a9780702054013 aStDuBDSbengcStDuBDSdUkdEG-ScBUEdEG-ScBUE04a616.00246176bSCU2221 aScully, Crispian.93906810aScully's medical problems in dentistry cCrispian Scully.30aMedical problems in dentistry a7th ed. aEdinburgh :bChurchill Livingstone / Elsevier,cc.2014. aviii, 823 p. :bill. ;c31 cm. aIndex : p. 797-823. aIncludes appendix. aIncludes bibliographical references. 7aOral manifestations of general diseases.2BUEsh938973 2BUEsh bDDentcJune2015cJanuary2016bPPhrmcOctober2016 vText book933728 2ddc c20085d20057 00102ddc40708AlahramaMAINbMAINc1STd2015-06-29ePurchaseg842.00h306l0o616.00246176 SCUp000039177r2025-07-15 00:00:00v1052.50yBB 00102ddc40708BaccahaMAINbMAINc1STd2016-10-04ePurchaseg1055.00l0o616.00246176 SCUp000033814r2025-07-15 00:00:00yBB 00102ddc40708BaccahaMAINbMAINc1STd2016-10-04ePurchaseg1055.00l0o616.00246176 SCUp000033815r2025-07-15 00:00:00yBB 00102ddc40708BaccahaMAINbMAINc1STd2016-10-04ePurchaseg1055.00l0o616.00246176 SCUp000033816r2025-07-15 00:00:00yBB 00102ddc40708BaccahaMAINbMAINc1STd2016-10-11ePurchaseg1055.00l0o616.00246176 SCUp000033978r2025-07-15 00:00:00yBB 00102ddc40708BaccahaMAINbMAINc1STd2016-10-11ePurchaseg1055.00l0o616.00246176 SCUp000033979r2025-07-15 00:00:00yBB 00102ddc40708BaccahaMAINbMAINc1STd2016-10-11ePurchaseg1055.00l0o616.00246176 SCUp000033980r2025-07-15 00:00:00yBB 00102ddc40708BaccahaMAINbMAINc1STd2016-10-11ePurchaseg1055.00l0o616.00246176 SCUp000033981r2025-07-15 00:00:00yNB 00102ddc40708BaccahaMAINbMAINc1STd2016-10-24ePurchaseg1055.00l0o616.00246176 SCUp000034426r2025-07-15 00:00:00yBB